000
00288 a2200121 4500
001
63128
082
_a
006.6 ULR
090
_c
37296
_d
37296
100
_a
Ulrich K
245
_a
Flash 5 for Windows & Macintosh
_h
English
260
_a
USA
_b
Peachpit Press USA
_c
2001
300
_a
xix,523p
942
_a
CAE NUST
_k
006.6 ULR
999
_c
298201
_d
298201